RFLP mapping of quantitative trait loci controlling seed aliphatic glucosinolate content in oilseed rape (Brassica napus L.) (Record no. 67016)

MARC details
000 -LEADER
fixed length control field 00475nam a2200157Ia 4500
100 ## - MAIN ENTRY--AUTHOR NAME
Personal name Toroser D
245 #0 - TITLE STATEMENT
Title RFLP mapping of quantitative trait loci controlling seed aliphatic glucosinolate content in oilseed rape (Brassica napus L.)
260 ## - PUBLICATION, DISTRIBUTION, ETC. (IMPRINT)
Name of publisher Theoretical and Applied Genetics
Year of publication 1995
300 ## - PHYSICAL DESCRIPTION
Number of Pages 802-808
650 ## - SUBJECT ADDED ENTRY--TOPICAL TERM
Topical Term RFLP
700 ## - ADDED ENTRY--PERSONAL NAME
Personal name Mithen R
700 ## - ADDED ENTRY--PERSONAL NAME
Personal name Osborn T C
700 ## - ADDED ENTRY--PERSONAL NAME
Personal name Thormann C E
942 ## - ADDED ENTRY ELEMENTS (KOHA)
Koha item type Journals
Holdings
Withdrawn status Lost status Damaged status Not for loan Home library Current library Shelving location Date acquired Serial Enumeration / chronology Koha item type
      Journals RRII Library RRII Library RFLP 17/12/2021 Volume 91, Issue 5 Journals